Can you name the taylor swift album/era from these photos - Statistics

General Stats
  • This quiz has been taken 122 times
  • The average score is 16 of 16
Answer Stats
Picture Answer % Correct
evermore
100%
folklore
100%
red
100%
speak now
100%
taylor swift
100%
1989
99%
fearless
99%
lover
99%
midnights
99%
red
99%
fearless
98%
1989
97%
folklore
97%
reputation
97%
midnights
96%
reputation
95%
No matching quizzes found
Score Distribution
Percent of People with Each Score
Percentile by Number Answered
Your Score History
You have not taken this quiz